000 01428nam a22002297a 4500
003 AR-RoUNCS
005 20260224135113.0
008 240828s2017 ag ||||| |||| 00| 0 spa d
020 _a978-987-1935-72-7
040 _cAR-RoUNCS
_aAR-RoUNCS
080 _082-32(82)
100 1 _aDueco, Chavela.
_eautor
245 1 3 _aLa última muerte de Heiki Q. /
_cChavela Dueco.
260 _aBuenos Aires :
_bLa Estacion,
_c2017.
300 _a120 p. :
_bil. col. ;
_c20 cm.
490 0 _aLa máquina de hacer lectores ;
_v581.
520 3 _aVincent es un joven un poco solitario y con gustos musicales peculiares. Su amiga Heiki Q. acaba de morir en un accidente del cual se siente culpable. Como es de esperar, le está costando superar su muerte… especialmente, porque ella lo acompaña como un espíritu que solo él puede ver. ¿Ha enloquecido o realmente tiene contacto con el mundo paranormal? En busca de ayuda, aterriza, acompañado del fantasma de Heiki Q., en una granja para personas que han sufrido la pérdida de un ser querido. Allí conoce a personajes atolondrados y raros pero muy queribles como Violeta, con su mochila llena de libros, o Carlín, un anciano viudo que vive aferrado al camisón de su esposa. Entre todos, de manera muy especial, se irán recuperando de a poco.
650 7 _2embne
_aLiteratura argentina
655 7 _2embne
_aNovelas cortas
655 7 _2embne
_aNovelas juveniles
942 _2udc
_cOG
_n0
999 _c308
_d308